Responses for show #8163 - Wednesday, February 19, 2020

MacKenzie Jones game 3.

Contestants

[<< previous game]

Sam Leon, an international trade specialist from Washington, D.C.

Adam Greenfield, a client escalations manager from Astoria, New York

MacKenzie Jones, a program development director from Tulsa, Oklahoma (whose 2-day cash winnings total $38,800)

[next game >>]

Jeopardy! Round responses

AROUND THE WORLD
OFFBEAT HISTORY
INFLUENTIAL WRITING
ANIMATED TV CHARACTERS
WEIGHTS & MEASURES
4-LETTER WORDS ENDING IN "O"
    $200 6
elephants

MacKenzie
    $200 17
cigars

MacKenzie
    $200 26
Johnny

Triple Stumper
    $200 1
(Adam: Who is Smithers?)

Mr. Burns

AdamSam
    $200 8
Fahrenheit

Adam
    $200 18
an echo

MacKenzie
    $1,800 5
Tiananmen Square

Sam
    $400 16
(Adam: What is a comet?)

an eclipse

AdamSam
    $400 30
Paine

MacKenzie
    $400 7
Scooby Doo

Adam
    $400 9
a magnum

Adam
    $400 19
a halo

Adam
    $600 3
a sauna

Sam
    $600 15
(Alex: Love that parrot.)
[Laughter]

Andrew Jackson

Sam
    $600 27
Plato

Adam
    $600 23
SpongeBob

Adam
    $600 10
a fathom

MacKenzie
    $600 20
a memo

Sam
    $800 2
Dia de los Muertos (Day of the Dead)

MacKenzie
    $800 13
(MacKenzie: Who is Blackbeard?)

Captain Henry Morgan

MacKenzie
Triple Stumper
    $800 28
Mandela

MacKenzie
    $800 21
BoJack Horseman

MacKenzie
    $800 11
Henry VIII

Triple Stumper
    $800 24
judo

MacKenzie
    $1000 4
Italy

Sam
    $1000 14
Stonewall Jackson

Sam
    $1000 29
(MacKenzie: What is The Second Sex?)

The Feminine Mystique

MacKenzie
Triple Stumper
    $1000 22
Stewie

MacKenzie
    $1000 12
a league

Sam
    $1000 25
(Alex: Less than a minute now...)

undo

MacKenzie

Scores at the first commercial break (after clue 15):

MacKenzie Adam Sam
$800 $800 $6,200

Scores at the end of the Jeopardy! Round:

MacKenzie Adam Sam
$5,000 $2,000 $7,200

Double Jeopardy! Round responses

FAMOUS TEXANS
MYTHICAL CREATURES
"B" IN MEDICINE
(Alex: Each correct response beginning with that letter.)
POTPOURRI
A DISASTER AREA
SAME FIRST & LAST LETTER
    $400 13
Carol Burnett

MacKenzie
    $400 14
dragon

MacKenzie
    $400 21
a bunion

Adam
    $400 1
the Pony Express

Adam
    $400 8
Illinois

Sam
    $400 4
a tenement

Sam
    $800 12
(Patrick) Swayze

Sam
    $800 15
Cerberus

MacKenzie
    $800 22
bulimia

Adam
    $800 2
Rolls Royce

Sam
    $7,000 7
London

Sam
    $800 19
a nonagon

MacKenzie
    $1200 9
ZZ Top

MacKenzie
    $8,000 16
the Sphinx

MacKenzie
    $1200 23
bronchitis

Sam
    $1200 29
trumpet

MacKenzie
    $1200 5
Russia

Triple Stumper
    $1200 20
a fief

Triple Stumper
    $1600 10
Ethan Hawke

Sam
    $1600 17
a chimera

MacKenzie
    $1600 30
breech

MacKenzie
    $1600 25
a monocle

MacKenzie
    $1600 3
the Dust Bowl

MacKenzie
    $1600 28
rector

Triple Stumper
    $2000 11
Buddy Holly

MacKenzie
    $2000 18
a hippogriff

MacKenzie
    $2000 26
botulism

MacKenzie
    $2000 24
TikTok

Sam
    $2000 6
Bangladesh

Sam
    $2000 27
the lintel

Triple Stumper

Scores at the end of the Double Jeopardy! Round:

MacKenzie Adam Sam
$30,200 $3,600 $23,400

[wagering suggestions for these scores]

Final Jeopardy! Round responses

INTERNATIONAL SPORTS
AdamWhat is France?
$3,500
SamWhat is Brazil
$23,400
MacKenzieWhat is Brazil?
$16,601
Brazil

Final scores:

MacKenzie Adam Sam
$46,801 $100 $46,800
3-day champion: $85,601 3rd place: $1,000 2nd place: $2,000

Game dynamics:

Coryat scores:

MacKenzie Adam Sam
$23,400 $3,600 $15,800
25 R
(including 1 DD),
2 W
9 R,
2 W
18 R
(including 2 DDs),
0 W

Combined Coryat: $42,800

The J! Archive is created by fans, for fans. The Jeopardy! game show and all elements thereof, including but not limited to copyright and trademark thereto, are the property of Jeopardy Productions, Inc. and are protected under law. This website is not affiliated with, sponsored by, or operated by Jeopardy Productions, Inc. Join the discussion at JBoard.tv.